000 00782cab a2200217 4500
001 WB3012-17
008 090401t1994 xxu||||| |||| 00| 0 eng d
035 _a(Sirsi) u10698
041 _aeng
245 _aMidland rail sell-off boom
260 _c1994
350 _a0
490 _aBirmingham Post
_v24 March 1994, 1(1)
520 _aRailtrack Property, due to take over BR stations and other property assets in April 1994, plans to develop offices, shops and leisure complexes at Birmingham New Street and other sites in the Midlands; and seeks private sector investment to do so.
650 _aRAILTRACK PROPERTY
650 _aRAILWAY PROPERTY
690 _aPROPERTY-PROPERTY DEVELOPMENT
690 _aTRANSPORT AND COMMUNICATIONS
942 _n0
948 _c04/03/1997
999 _c6789
_d6789